<?xml version="1.0" encoding="UTF-8"?>
<collection xmlns="http://www.loc.gov/MARC21/slim">
    <record>
        <controlfield tag="001">11638</controlfield>
        <controlfield tag="005">20150325140223.0</controlfield>
        <datafield tag="037" ind1=" " ind2=" ">
            <subfield code="a">TAZ-TFG-2013-638</subfield>
        </datafield>
        <datafield tag="041" ind1=" " ind2=" ">
            <subfield code="a">spa</subfield>
        </datafield>
        <datafield tag="100" ind1="1" ind2=" ">
            <subfield code="a">Marín Puyalto, Jorge</subfield>
        </datafield>
        <datafield tag="245" ind1="0" ind2="0">
            <subfield code="a">Análisis de las presiones plantares en jugadores de balonmano</subfield>
        </datafield>
        <datafield tag="260" ind1=" " ind2=" ">
            <subfield code="a">Zaragoza</subfield>
            <subfield code="b">Universidad de Zaragoza</subfield>
            <subfield code="c">2013</subfield>
        </datafield>
        <datafield tag="506" ind1=" " ind2=" ">
            <subfield code="a">by-nc-sa</subfield>
            <subfield code="b">Creative Commons</subfield>
            <subfield code="c">3.0</subfield>
            <subfield code="u">http://creativecommons.org/licenses/by-nc-sa/3.0/</subfield>
        </datafield>
        <datafield tag="500" ind1=" " ind2=" ">
            <subfield code="a">Resumen y conclusiones disponibles en inglés. Con la colaboración de la empresa Podoactiva.</subfield>
        </datafield>
        <datafield tag="520" ind1=" " ind2=" ">
            <subfield code="a">INTRODUCCIÓN: El análisis de las presiones plantares está muy extendido en la actualidad como medio para la evaluación de la biomecánica de la marcha y de distintos gestos deportivos. El propósito de este estudio es el de analizar las presiones plantares en estática y dinámica de un grupo de jugadores profesionales de balonmano. MATERIAL Y MÉTODOS: En el estudio participaron un total de 16 jugadores de balonmano pertenecientes a un club de la primera división española, así como 18 sujetos control, todos ellos sanos y físicamente activos. Se evaluaron parámetros relativos a las presiones plantares en estático y dinámico y a la estabilidad en estático con una medición sobre plataforma de presiones con los pies descalzos. El tratamiento estadístico de los datos se realizó con el software SPSS. El límite de significación bilateral para las pruebas no paramétricas se situó en 0’05. RESULTADOS: Existen diferencias significativas en cuanto a la talla (p=0’002) y el peso (p=0’007) entre los jugadores de balonmano y el grupo control. En el caso de las presiones plantares en estático, no se encontraron diferencias significativas entre ambos grupos, salvo en el caso de la presión máxima en el pie izquierdo (p=0.049). Respecto a los datos relativos a la estabilidad, los jugadores de balonmano muestran una mayor superficie de oscilación del centro de gravedad respecto al grupo control (3’38 vs. 3’17 cm2), así como oscilaciones laterales (1’70 vs. 1’68 cm) y frontales (2’36 vs. 2’24 cm). A pesar de ello, no aparecen diferencias significativas entre los dos grupos. DISCUSIÓN: De todas las variables estudiadas, la única en la que se encontraron diferencias significativas entre ambos grupos fue en el valor de la máxima presión media en el pie izquierdo durante el análisis estático. Al no complementarse con ninguna otra medida, ya sea del pie derecho o de cualquier otro parámetro de presiones, se considera que esto no es relevante. Esto lleva a descartar la posibilidad de una adaptación de la marcha normal de una forma específica para la práctica del balonmano. Asimismo, tampoco se observa un diferente desempeño en la conservación de la estabilidad en bipedestación.</subfield>
        </datafield>
        <datafield tag="521" ind1=" " ind2=" ">
            <subfield code="a">Graduado en Ciencias de la Actividad Física y del Deporte</subfield>
        </datafield>
        <datafield tag="540" ind1=" " ind2=" ">
            <subfield code="a">Derechos regulados por licencia Creative Commons</subfield>
        </datafield>
        <datafield tag="653" ind1="1" ind2=" ">
            <subfield code="a">balonmano</subfield>
        </datafield>
        <datafield tag="653" ind1="1" ind2=" ">
            <subfield code="a">presiones plantares</subfield>
        </datafield>
        <datafield tag="653" ind1="1" ind2=" ">
            <subfield code="a">análisis pisada</subfield>
        </datafield>
        <datafield tag="700" ind1=" " ind2=" ">
            <subfield code="a">Gómez Trullén, Eva Mª</subfield>
            <subfield code="e">dir.</subfield>
        </datafield>
        <datafield tag="710" ind1="2" ind2=" ">
            <subfield code="a">Universidad de Zaragoza</subfield>
            <subfield code="b">Fisiatría y Enfermería</subfield>
            <subfield code="c">Educación Física y Deportiva</subfield>
        </datafield>
        <datafield tag="856" ind1="0" ind2=" ">
            <subfield code="f">565845@celes.unizar.es</subfield>
        </datafield>
        <datafield tag="856" ind1="4" ind2=" ">
            <subfield code="s">1154666</subfield>
            <subfield code="u">http://zaguan.unizar.es/record/11638/files/TAZ-TFG-2013-638.pdf</subfield>
            <subfield code="y">Memoria (spa)</subfield>
        </datafield>
        <datafield tag="909" ind1="C" ind2="O">
            <subfield code="o">oai:zaguan.unizar.es:11638</subfield>
            <subfield code="p">trabajos-fin-grado</subfield>
            <subfield code="p">driver</subfield>
        </datafield>
        <datafield tag="950" ind1=" " ind2=" ">
            <subfield code="a"></subfield>
        </datafield>
        <datafield tag="980" ind1=" " ind2=" ">
            <subfield code="a">TAZ</subfield>
            <subfield code="b">TFG</subfield>
            <subfield code="c">FCSHUES</subfield>
        </datafield>
    </record>

    
</collection>